| 000 | 02050nam a2200289 a 4500 | ||
|---|---|---|---|
| 001 | MEB022296 | ||
| 003 | PILC | ||
| 005 | 20150825101735.0 | ||
| 008 | |||
| 020 | _a0323039375 | ||
| 050 |
_aRT 71 _b.P854 2007 |
||
| 100 | _aPotter, Patricia A. | ||
| 245 | 0 | 0 |
_aBasic nursing : _bessentials for practice / _cPatricia A. Potter, Anne Griffin Perry. |
| 250 | _a6th edition. | ||
| 260 |
_aSt. Louis, Mo. : _bMosby Elsevier, _c2007. |
||
| 300 |
_axxiv, 1176 pages : _billustrations ; _c29 cm. |
||
| 500 | _aAccompanied by 1 CD-ROM containing video clips, a searchable audio glossary, a Spanish/English audio glossary, Butterfield's Fluids & Electrolytes Tutorial, and additional NCLEX examination-style review questions. | ||
| 500 | _aIncludes bibliographical references and index. | ||
| 505 | 0 |
_tConcepts in health care. Health and wellness; The health care delivery system; Community-based nursing practice; Legal principles in nursing; Ethics. -- _tProcesses in nursing care. Critical thinking and nursing judgment; Nursing process; Documenting and reporting; Communication; Patient education. -- _tPrinciples for nursing practice. Infection control; Vital signs; Health assessment and physical examination; Administering medicaitons; Fluid, electrolyte, and acid-base balance. -- |
|
| 505 | 0 |
_tPrinciples for caring. Caring in nursing practice; Cultural diversity; Spiritual health; Growth and development; Self-concept and sexuality; Family context in nursing; Stress and coping; Loss and grief; Managing patient care. -- _tCaring for patients' basic human needs. Exercise and activity; Safety; Hygiene; Oxygenation; Sleep; Promoting comfort; Nutrition; Urinary elimination; Bowel elimination. -- _tCaring for patients' special needs. Immobility; Skin integrity and wound care; Sensory alterations; Surgical patient. |
|
| 650 | 0 | _aNursing. | |
| 650 | 0 |
_aNursing _xStudy and teaching. |
|
| 650 | 0 | _aNursing Care. | |
| 650 | 0 | _aNursing Process. | |
| 700 | 1 | _aPerry, Anne Griffin. | |
| 942 |
_2lcc _cBK |
||
| 999 |
_c288474 _d288474 |
||